000 00566nam a2200205 4500
005 20260422150356.0
008 260422b |||||||| |||| 00| 0 eng d
020 _a9783319483108
040 _cSDCL
041 _2eng
_aeng
084 _aB313N Q9
100 _aBauschke, Heinz H.
_91235401
245 _aConvex Analysis and Monotone Operator Theory in Hilbert Spaces
250 _a2nd
260 _aCham :
_bSpringer,
_c2019.
300 _axix, 619p.
490 _aCMS Books in Mathematics
700 _aPatrick L. Combettes
_91235402
942 _2CC
_cTEXL
999 _c1848385
_d1848385